Riconosci il Pokémon - Quiz n°850 - Statistics

Statistiche generali
  • Questo quiz è stato fatto 17 volte
  • Il punteggio medio è 9 su 10
Statistiche sulle risposte
Indizio Risposta % Corretto
Tipo Elettro / Acciaio
100%
Generazione Prima
100%
Stadio evoluzione Forma
94%
Altezza 0,3 m
88%
Tasso di cattura 190 (35.2%)
88%
Peso 6,0 kg
88%
Pokémon Magnemite
88%
Abilità Magnetismo; Vigore; Ponderazione
88%
Tasso di allevamento Medio-Veloce
88%
Sesso Sconosciuto
88%
Nessun quiz corrispondente trovato
Distribuzione punteggi
Percentuale di utenti per punteggio
Percentile per numero di risposta
I tuoi punteggi nel tempo
Non hai fatto questo quiz